<?xml version="1.0" encoding="UTF-8"?><?xml-stylesheet type="text/xsl" href="static/style.xsl"?><OAI-PMH xmlns="http://www.openarchives.org/OAI/2.0/" xmlns:xsi="http://www.w3.org/2001/XMLSchema-instance" xsi:schemaLocation="http://www.openarchives.org/OAI/2.0/ http://www.openarchives.org/OAI/2.0/OAI-PMH.xsd"><responseDate>2026-04-28T11:35:15Z</responseDate><request verb="GetRecord" identifier="oai:riubu.ubu.es:10259/3750" metadataPrefix="marc">https://riubu.ubu.es/oai/request</request><GetRecord><record><header><identifier>oai:riubu.ubu.es:10259/3750</identifier><datestamp>2022-04-26T11:42:11Z</datestamp><setSpec>com_10259_2699</setSpec><setSpec>col_10259_2703</setSpec></header><metadata><record xmlns="http://www.loc.gov/MARC21/slim" xmlns:doc="http://www.lyncode.com/xoai" xmlns:xsi="http://www.w3.org/2001/XMLSchema-instance" xmlns:dcterms="http://purl.org/dc/terms/" xsi:schemaLocation="http://www.loc.gov/MARC21/slim http://www.loc.gov/standards/marcxml/schema/MARC21slim.xsd">
<leader>00925njm 22002777a 4500</leader>
<datafield tag="042" ind1=" " ind2=" ">
<subfield code="a">dc</subfield>
</datafield>
<datafield tag="720" ind1=" " ind2=" ">
<subfield code="a">Méndez Juez, Marta</subfield>
<subfield code="e">author</subfield>
</datafield>
<datafield tag="260" ind1=" " ind2=" ">
<subfield code="c">2015</subfield>
</datafield>
<datafield tag="520" ind1=" " ind2=" ">
<subfield code="a">El estudio doctoral corrobora la hipótesis investigadora de que el cambio económico que introduce la política de reutilización de datos públicos en España, sólo puede ser efectivo si, con carácter previo, se produce un cambio político-administrativo sustancial. Que las personas físicas y jurídicas, públicas o privadas, tengan acceso a un alto porcentaje de datos usados para finalidades diferentes de las que motivaron su recopilación, dependerá del contexto institucional, pues en estructuras organizativas donde exista interacción, adaptación constante al entorno, servicios telemáticos interoperables y seguridad jurídica, será posible la reutilización de la información generada por el Sector Público. La Transparencia Pública, como exigencia social de primer orden y principio democrático referencial, conduce hacia una cultura organizativa diferente, caracterizada por la apertura de los procesos, los medios y los resultados del poder público a los ciudadanos. Tal principio alcanza su máxima expresión en el Derecho a la Información de que debe disfrutar cualquier persona. En este sentido, la Administración Pública cumple un papel relevante en la Sociedad Tecnológica, pues tiene la misión de hacer viable este Derecho constitucional, ya que es la institución que más datos acapara y quien mejor puede tratarles y exponerles para el conocimiento general de la sociedad. La materialización del referido Derecho a la Información puede producirse de forma pasiva, cuando el ciudadano pide a las instituciones que le faciliten datos, o de forma activa, cuando la Administración suministra a éste la información sin previo requerimiento, opción ésta última que es tratada con mayor detenimiento en el presente trabajo por su reciente incorporación a la vida jurídica. El análisis conjunto de la Transparencia, el Acceso y la Reutilización de la información pública pone de manifiesto la necesidad de que los operadores institucionales, sociales y económicos confluyan en su actuación de manera simultánea, dialéctica, integrada y coordinada, que asegure una correcta transferencia, y posterior transacción, de los activos de la información pública.</subfield>
</datafield>
<datafield tag="024" ind2=" " ind1="8">
<subfield code="a">http://hdl.handle.net/10259/3750</subfield>
</datafield>
<datafield tag="024" ind2=" " ind1="8">
<subfield code="a">10.36443/10259/3750</subfield>
</datafield>
<datafield ind1=" " ind2=" " tag="653">
<subfield code="a">Reutilización de datos públicos</subfield>
</datafield>
<datafield ind1=" " ind2=" " tag="653">
<subfield code="a">Transparencia pública</subfield>
</datafield>
<datafield ind1=" " ind2=" " tag="653">
<subfield code="a">Derecho a la Información</subfield>
</datafield>
<datafield ind1=" " ind2=" " tag="653">
<subfield code="a">Gobernanza democrática</subfield>
</datafield>
<datafield ind1=" " ind2=" " tag="653">
<subfield code="a">España</subfield>
</datafield>
<datafield ind1=" " ind2=" " tag="653">
<subfield code="a">Reuse of public data</subfield>
</datafield>
<datafield ind1=" " ind2=" " tag="653">
<subfield code="a">Public transparency</subfield>
</datafield>
<datafield ind1=" " ind2=" " tag="653">
<subfield code="a">Freedom of information</subfield>
</datafield>
<datafield ind1=" " ind2=" " tag="653">
<subfield code="a">Democratic governance</subfield>
</datafield>
<datafield ind1=" " ind2=" " tag="653">
<subfield code="a">Spain</subfield>
</datafield>
<datafield tag="245" ind1="0" ind2="0">
<subfield code="a">La transparencia pública en España analizada desde el derecho a la información: la relevancia del poder democrático y relacional para una economía digital en la reutilización de datos</subfield>
</datafield>
</record></metadata></record></GetRecord></OAI-PMH>